000 00229nam a2200097Ia 4500
005 20251222114353.0
008 251222s1900||||xx |||||||||||||| ||spa||
082 _aDVD0070/C11/1989/Ej.2
245 0 _aFrancesco:Francisco
942 _cDVD
999 _c1327
_d1327